[Event "Ä13Â"]
[Site "Loo"]
[Date "2017.04.25"]
[Round "6.6"]
[White "Áîäíàðóê, Êñåíèÿ."]
[Black "Âîñòðèêîâà, Ñòàíèñëàâà."]
[Result "0-1"]
[WhiteElo "1677"]
[BlackElo "1519"]
[PlyCount "164"]
[EventDate "2017.04.20"]

1. e4 e6 2. d3 d5 3. Nd2 Nf6 4. Ngf3 Nc6 5. g3 dxe4 6. dxe4 Bc5 7. Bg2 e5 8.
Qe2 O-O 9. O-O Qe7 10. Nb3 Bb6 11. h3 a5 12. Bd2 Be6 13. Bg5 h6 14. Bxf6 Qxf6
15. Kh2 a4 16. Nbd2 a3 17. b3 Ba5 18. Nc4 Bc3 19. Rad1 Nb4 20. Qe3 Nxa2 21. Rd3
b5 22. Nxa3 Rxa3 23. Rxc3 Nxc3 24. Qxc3 Qe7 25. Nxe5 b4 26. Qd2 c5 27. f4 Rd8
28. Qe2 Qd6 29. g4 g5 30. Qf2 Qd4 31. Qf3 Qc3 32. Qxc3 bxc3 33. f5 Bc8 34. Rf3
Ra2 35. Rxc3 Rd2 36. Rxc5 Raxc2 37. Rxc2 Rxc2 38. b4 f6 39. Ng6 Kf7 40. Kg1 Rb2
41. e5 fxe5 42. Nxe5+ Kf6 43. Nd3 Rb3 44. Bf1 Rb1 45. Kf2 Ba6 46. Be2 Bxd3 47.
Bxd3 Rxb4 48. Kf3 Ke5 49. Ba6 Rb3+ 50. Kg2 Kf4 51. f6 Rb2+ 52. Kg1 Kg3 53. f7
Rb8 54. Bc4 Kxh3 55. Be6 Kg3 56. Kf1 Kf4 57. Ke2 Ke5 58. Bc4 Kf6 59. Ke3 Ke7
60. Ke4 Rb4 61. Kd3 Rb2 62. Ke4 Rf2 63. Bb3 Rf4+ 64. Ke5 Rxg4 65. Kf5 Rb4 66.
Ba2 Rb6 67. Kg4 Kf8 68. Kf5 Ke7 69. Kg4 Rf6 70. Kh5 Rxf7 71. Kxh6 g4 72. Bd5 g3
73. Kh5 Rf5+ 74. Kg4 Rxd5 75. Kxg3 Rf5 76. Kg4 Kf6 77. Kg3 Kg5 78. Kg2 Kg4 79.
Kh2 Rf2+ 80. Kh1 Kg3 81. Kg1 Rf8 82. Kh1 Rf1# 0-1

[Event "Ä13Â"]
[Site "Loo"]
[Date "2017.04.25"]
[Round "6.7"]
[White "Äàøèíà, Ñîôèÿ."]
[Black "Ìàêàðåíêî, Åëèçàâåòà."]
[Result "1/2-1/2"]
[WhiteElo "1644"]
[BlackElo "1386"]
[PlyCount "82"]
[EventDate "2017.04.20"]

1. Nf3 c5 2. c4 Nf6 3. Nc3 Nc6 4. e3 d6 5. d4 Bf5 6. a3 h6 7. h3 e5 8. d5 Nb8
9. Be2 Be7 10. Nd2 O-O 11. e4 Bg6 12. O-O Nh7 13. Bh5 Bxh5 14. Qxh5 Nd7 15. Rd1
a6 16. Nf1 Bg5 17. Ne3 Rb8 18. Qe2 Nb6 19. b3 Nc8 20. Nf5 Ne7 21. Nxe7+ Qxe7
22. Bxg5 Qxg5 23. Rac1 f5 24. exf5 Qxf5 25. Ne4 Rbd8 26. b4 b6 27. bxc5 bxc5
28. Rb1 Nf6 29. Nxf6+ Qxf6 30. f3 Rb8 31. Qe4 Qe7 32. Rxb8 Rxb8 33. Rb1 Qc7 34.
Qg6 Rb6 35. Rxb6 Qxb6 36. Qe6+ Kh7 37. Qf5+ Kg8 38. Qe6+ Kh7 39. Qf5+ Kg8 40.
Qe6+ Kh7 41. Qf5+ Kg8 1/2-1/2

[Event "Ä13Â"]
[Site "Loo"]
[Date "2017.04.25"]
[Round "6.8"]
[White "×åðåïàíîâà, Ýâèòà."]
[Black "Íàñûðîâà, Åêàòåðèíà."]
[Result "0-1"]
[WhiteElo "1612"]
[BlackElo "1955"]
[PlyCount "144"]
[EventDate "2017.04.20"]

1. e4 e5 2. Nf3 Nc6 3. Bc4 Bc5 4. O-O Nf6 5. d3 O-O 6. Nbd2 d6 7. c3 Bb6 8. Bb3
Ne7 9. h3 Ng6 10. Nc4 c6 11. Re1 Bc7 12. Bg5 h6 13. Bxf6 Qxf6 14. d4 Rd8 15.
Ne3 Nf4 16. a4 Bd7 17. Ba2 Be8 18. b4 Kh8 19. Kh1 a5 20. b5 cxb5 21. axb5 Bxb5
22. Qb3 Ba6 23. Qxf7 Qxf7 24. Bxf7 Rf8 25. Bd5 Nxh3 26. Ra2 Nf4 27. Rb1 Rab8
28. Kh2 b5 29. Bc6 Rb6 30. Bd5 a4 31. g3 Ne2 32. Rxe2 Rxf3 33. Reb2 exd4 34.
cxd4 a3 35. Rc2 Bd8 36. Kg2 Rf8 37. Bb3 b4 38. Rd2 Rb8 39. Nd5 Ba5 40. Nf4 Rfc8
41. Nd5 Bc4 42. Rdd1 a2 43. Rb2 Bxb3 44. Rxb3 Rc2 45. Ra1 Rbc8 46. Nf4 Kh7 47.
Nd3 Rb8 48. Kf1 Rbc8 49. Ke1 R8c3 50. Rxc3 bxc3 51. Nc1 Rxc1+ 52. Rxc1 c2+ 53.
Ke2 Bc3 54. Kd3 a1=Q 55. Rxa1 Bxa1 56. Kxc2 Bxd4 57. f3 Bf2 58. g4 Bg3 59. Kd3
g5 60. Kc4 Kg6 61. Kd5 Kf6 62. Kd4 Ke6 63. Kd3 Ke5 64. Ke3 Bf4+ 65. Kd3 Bc1 66.
Ke2 Kf4 67. Kf2 Bb2 68. Ke2 Bd4 69. Kd3 Be3 70. Ke2 Bc5 71. Kd3 Kxf3 72. Kc4
Kxe4 0-1

[Event "Ä13Â"]
[Site "Loo"]
[Date "2017.04.25"]
[Round "6.9"]
[White "Åìåëüÿíîâà, Åëåíà."]
[Black "Êèð÷åé, Âèêòîðèÿ."]
[Result "0-1"]
[WhiteElo "1504"]
[BlackElo "1814"]
[PlyCount "74"]
[EventDate "2017.04.20"]

1. e4 c5 2. c3 Nf6 3. e5 Nd5 4. Bc4 Nb6 5. Bb3 d5 6. d4 cxd4 7. cxd4 Bf5 8. Nc3
Nc6 9. Nf3 e6 10. O-O Be7 11. h3 h5 12. Ne2 g5 13. Ng3 Bg6 14. Nh2 Qc7 15. f4
Nxd4 16. Ba4+ Nxa4 17. Qxa4+ b5 18. Qd1 Nc2 19. Rb1 Bc5+ 20. Kh1 Ne3 21. Bxe3
Bxe3 22. f5 Bh7 23. Qb3 Bf4 24. Nxh5 Bxe5 25. Rbc1 Qb8 26. Ng4 Bxf5 27. Nxe5
Rxh5 28. Qf3 Rxh3+ 29. gxh3 Be4 30. Nxf7 Qg3 31. Qxe4 dxe4 32. Rc3 e3 33. Nxg5
Qxg5 34. Re1 Qd5+ 35. Kg1 Ke7 36. Rcxe3 Rg8+ 37. Kh2 Qg2# 0-1

[Event "Ä13Â"]
[Site "Loo"]
[Date "2017.04.25"]
[Round "6.10"]
[White "Çàâèâàåâà, Ýìèëèÿ."]
[Black "Òî÷èëêèíà, Åêàòåðèíà."]
[Result "1/2-1/2"]
[WhiteElo "1490"]
[BlackElo "1633"]
[PlyCount "110"]
[EventDate "2017.04.20"]

1. Nf3 d5 2. c4 c6 3. b3 Nf6 4. Bb2 Bf5 5. g3 e6 6. Bg2 Nbd7 7. O-O Be7 8. d3
O-O 9. Nbd2 h6 10. Qc2 Nb6 11. Rfe1 Bh7 12. Rac1 Rc8 13. a3 dxc4 14. bxc4 Qd7
15. e4 c5 16. Qb3 Rfd8 17. d4 cxd4 18. Bxd4 Qa4 19. Qxa4 Nxa4 20. Rb1 b6 21.
Rbd1 Nc5 22. e5 Nfd7 23. Bf1 Nb8 24. Nb1 Nc6 25. Be3 Rxd1 26. Rxd1 Be4 27. Be2
Bxf3 28. Bxf3 Nxe5 29. Be2 Rd8 30. Rxd8+ Bxd8 31. Bxc5 bxc5 32. f4 Nc6 33. Nc3
Nd4 34. Bf1 Kf8 35. a4 Ba5 36. Nb5 Nxb5 37. axb5 Ke7 38. Kf2 Bc3 39. Ke3 Bd4+
40. Kf3 Kd6 41. Bd3 g6 42. g4 e5 43. h4 exf4 44. Kxf4 Be5+ 45. Ke4 Ke6 46. h5
gxh5 47. gxh5 f5+ 48. Kf3 Kf6 49. Ke3 Kg5 50. Be2 Bd4+ 51. Kf3 Kxh5 52. Kf4+
Kg6 53. Bd3 Kf6 54. Bxf5 Be3+ 55. Ke4 Bd2 1/2-1/2

[Event "Ä13Â"]
[Site "Loo"]
[Date "2017.04.25"]
[Round "6.11"]
[White "Ìåëåí÷óê, Îëüãà."]
[Black "Êðóïíîâà, Àííà."]
[Result "0-1"]
[WhiteElo "1631"]
[BlackElo "1556"]
[PlyCount "120"]
[EventDate "2017.04.20"]

1. Nf3 Nf6 2. c4 g6 3. Nc3 Bg7 4. e4 d6 5. d4 O-O 6. Be2 Nbd7 7. O-O e5 8. Qc2
c6 9. d5 a5 10. Rd1 Qe7 11. dxc6 bxc6 12. Bg5 h6 13. Bh4 g5 14. Bg3 Nh5 15. Qd2
f5 16. exf5 Nf4 17. Qxd6 Qf7 18. Bxf4 exf4 19. Qxc6 Rb8 20. Qd5 Rxb2 21. Nd4
Qxd5 22. Nxd5 Bxd4 23. Rxd4 Rxe2 24. Kf1 Re5 25. Re1 Rfe8 26. Rxe5 Rxe5 27. f6
Ba6 28. Ne7+ Kf7 29. Nc6 Rc5 30. Rxd7+ Kxf6 31. Rd6+ Kg7 32. Rd7+ Kf6 33. Rd6+
Kg7 34. Rd7+ Kf8 35. Rd8+ Kf7 36. Nd4 Bxc4+ 37. Ke1 Bxa2 38. Kd2 Rd5 39. Rxd5
Bxd5 40. g3 fxg3 41. fxg3 a4 42. Nb5 Ke6 43. Ke3 Ke5 44. Nc3 a3 45. h4 g4 46.
Kd2 a2 47. Nxa2 Bxa2 48. Ke3 Bc4 49. Kf2 Ke4 50. Kg2 Ke3 51. Kg1 Kf3 52. Kh2
Kf2 53. h5 Bf7 54. Kh1 Kxg3 55. Kg1 Bxh5 56. Kh1 Kf2 57. Kh2 g3+ 58. Kh3 g2 59.
Kh4 g1=Q 60. Kh3 Qg3# 0-1

[Event "Ä13Â"]
[Site "Loo"]
[Date "2017.04.25"]
[Round "6.12"]
[White "Øåñòàêîâà, Áîãäàíà."]
[Black "Ïàëü÷óí, Ïîëèíà."]
[Result "0-1"]
[WhiteElo "1526"]
[BlackElo "1444"]
[PlyCount "50"]
[EventDate "2017.04.20"]

1. e4 e5 2. Nf3 Nc6 3. Bb5 a6 4. Ba4 d6 5. O-O Bd7 6. Bb3 h6 7. d4 Nge7 8. c3
Ng6 9. Re1 Be7 10. Nbd2 Bg5 11. Nxg5 hxg5 12. Nf3 Nf4 13. dxe5 dxe5 14. Bxf4
gxf4 15. Qd5 Qe7 16. Ba4 f6 17. b4 g5 18. g3 Qh7 19. h4 O-O-O 20. Kg2 Bh3+ 21.
Kxh3 Rxd5 22. exd5 Qd7+ 23. Kg2 Qxd5 24. Red1 Qe6 25. Bb3 Qg4 0-1

[Event "Ä13Â"]
[Site "Loo"]
[Date "2017.04.25"]
[Round "6.13"]
[White "Áîíäàðåâà, Äàðüÿ."]
[Black "Ñåì¸íîâà, Äàðüÿ."]
[Result "1/2-1/2"]
[WhiteElo "1778"]
[BlackElo "1429"]
[PlyCount "96"]
[EventDate "2017.04.20"]

1. e4 c6 2. d4 d5 3. exd5 cxd5 4. c4 Nf6 5. Nc3 g6 6. cxd5 Nxd5 7. Qb3 Nb6 8.
Be3 Bg7 9. Rd1 O-O 10. d5 Na6 11. Be2 Qd6 12. Nf3 Nc5 13. Bxc5 Qxc5 14. O-O Rd8
15. Ne4 Qa5 16. d6 exd6 17. Nxd6 Be6 18. Qb5 Qxb5 19. Nxb5 Bxa2 20. Ra1 Bb3 21.
Rxa7 Rxa7 22. Nxa7 Ra8 23. Nb5 Ra2 24. Nd6 Rxb2 25. Bd3 Bd5 26. Rb1 Rxb1+ 27.
Bxb1 f5 28. Bd3 Bf6 29. Nd2 Kf8 30. Kf1 Ke7 31. N6c4 Nxc4 32. Nxc4 b5 33. Nb6
Bc6 34. Nc8+ Kd7 35. Na7 b4 36. Nxc6 Kxc6 37. Ke2 Kc5 38. Kd2 b3 39. Kc1 Kd4
40. Ba6 Kc3 41. Bb7 b2+ 42. Kb1 Kd2 43. Bd5 g5 44. f4 gxf4 45. h3 Ke3 46. Bf3
Kf2 47. Kc2 Kg3 48. Kb1 Kf2 1/2-1/2

[Event "Ä13Â"]
[Site "Loo"]
[Date "2017.04.25"]
[Round "6.14"]
[White "Öàìàëàèäçå, Ëèàíà."]
[Black "Ñîñíèíà, Íàäåæäà."]
[Result "0-1"]
[WhiteElo "1349"]
[BlackElo "1610"]
[PlyCount "108"]
[EventDate "2017.04.20"]

1. e4 e5 2. Nf3 Nc6 3. Bb5 a6 4. Bxc6 dxc6 5. O-O Bg4 6. h3 h5 7. d4 Bxf3 8.
gxf3 Qh4 9. Kg2 O-O-O 10. c3 Rd6 11. Rh1 f5 12. exf5 exd4 13. Qb3 Ne7 14. Re1
Qf6 15. Bf4 Rd5 16. cxd4 Qxf5 17. Be3 Ng6 18. Kf1 Qxf3 19. Nc3 Qxh3+ 20. Ke2
Rd8 21. Kd2 Bc5 22. Rh1 Qf5 23. Ne2 h4 24. Rac1 Bd6 25. Rhg1 Be7 26. Rh1 Ne5
27. Rc3 Nf3+ 28. Kc1 Qe4 29. Rd1 Bd6 30. d5 cxd5 31. Rxd5 Be5 32. Rxd8+ Rxd8
33. Qe6+ Kb8 34. Nf4 Ng5 35. Rd3 Qxd3 36. Nxd3 Nxe6 37. Nxe5 h3 38. Ng4 Rh8 39.
Nh2 g5 40. f3 Rd8 41. Kc2 Nd4+ 42. Kc3 Ne6 43. Kc2 Nf4 44. Bc5 Rd5 45. Be7 Re5
46. Bf6 Re2+ 47. Kc3 Nd5+ 48. Kd3 Rxh2 49. Bxg5 Rxb2 50. Bh6 h2 51. Bg7 Rg2 52.
Be5 h1=Q 53. f4 Qd1+ 54. Kc4 Rc2+ 0-1

[Event "Ä13Â"]
[Site "Loo"]
[Date "2017.04.25"]
[Round "6.15"]
[White "Ðåãåð, Âàëåðèÿ."]
[Black "Ôðîëîâà, Ëàäà."]
[Result "1/2-1/2"]
[WhiteElo "1388"]
[BlackElo "1475"]
[PlyCount "144"]
[EventDate "2017.04.20"]

1. d4 Nf6 2. Bf4 g6 3. e3 Bg7 4. Be2 O-O 5. Nf3 c5 6. O-O Qb6 7. Qc1 d6 8. c3
Nc6 9. Rd1 cxd4 10. exd4 Bf5 11. Nbd2 Be6 12. Nf1 Nd5 13. Bg3 Bf5 14. Qd2 Nf6
15. Qc1 Rac8 16. Ne3 Bd7 17. Nc4 Qd8 18. a4 Na5 19. Nxa5 Qxa5 20. b4 Qc7 21.
Ra3 Nd5 22. c4 Nxb4 23. Qd2 Nc6 24. c5 b6 25. h3 Rfd8 26. Qe3 Bf5 27. Qb3 Na5
28. cxd6 exd6 29. Qb4 Qc2 30. Rd2 Qc1+ 31. Rd1 Qc6 32. Bb5 Qc2 33. Re1 Nc6 34.
Bxc6 Rxc6 35. Rae3 Be6 36. Qb5 d5 37. Ne5 Rcc8 38. Kh2 Bxe5 39. Rxe5 Qc4 40.
Qxc4 Rxc4 41. a5 Rxd4 42. axb6 axb6 43. Rb1 Rd6 44. Re3 Rc6 45. Reb3 Rdc4 46.
Be5 Bf5 47. R1b2 f6 48. Bg3 h5 49. f3 h4 50. Bf2 g5 51. Rxb6 Kf7 52. R6b5 Be6
53. Rd2 Rc2 54. Rb2 Rxb2 55. Rxb2 Kg6 56. Bd4 Kf5 57. g3 hxg3+ 58. Kxg3 Rc1 59.
Kg2 Rd1 60. Be3 d4 61. Bf2 Bd5 62. Rb5 Ke6 63. Rb6+ Kf7 64. Rb5 Be6 65. Rb4 d3
66. Rd4 Rd2 67. Kg3 Rd1 68. Kg2 f5 69. h4 Kf6 70. hxg5+ Kxg5 71. Be3+ Kf6 72.
Bf2 Ke5 1/2-1/2

[Event "Ä13Â"]
[Site "Loo"]
[Date "2017.04.25"]
[Round "6.16"]
[White "Äèâååâà, Äàðüÿ."]
[Black "Ðàçóâàåâà, Åêàòåðèíà."]
[Result "1-0"]
[WhiteElo "1451"]
[BlackElo "1270"]
[PlyCount "59"]
[EventDate "2017.04.20"]

1. d4 d6 2. Bf4 Nf6 3. Nf3 g6 4. h3 Bg7 5. c4 O-O 6. Nc3 Nbd7 7. e4 c6 8. Be2
Nh5 9. Bh2 e5 10. dxe5 dxe5 11. O-O Qe7 12. Qc2 Nb6 13. Rad1 f5 14. exf5 Bxf5
15. Qb3 Nf4 16. Bxf4 exf4 17. Rfe1 Qf6 18. Nd4 c5 19. Nxf5 Qxf5 20. Bg4 Qg5 21.
Ne4 Qe5 22. Nd6 Qxb2 23. Be6+ Kh8 24. Nf7+ Kg8 25. Ne5+ Kh8 26. Qxb2 Nxc4 27.
Bxc4 Rae8 28. Nf7+ Rxf7 29. Rxe8+ Rf8 30. Rxf8# 1-0

[Event "Ä13Â"]
[Site "Loo"]
[Date "2017.04.25"]
[Round "6.17"]
[White "Áîðîäêèíà, Ñîôèÿ."]
[Black "Êàìàðîâà, Æàíáîòà."]
[Result "0-1"]
[WhiteElo "1576"]
[BlackElo "1501"]
[PlyCount "80"]
[EventDate "2017.04.20"]

1. e4 e5 2. Nf3 Nc6 3. Bc4 Bc5 4. b4 Bxb4 5. c3 Ba5 6. d4 exd4 7. O-O Nf6 8. e5
Ne4 9. cxd4 d5 10. exd6 Nxd6 11. Bb3 O-O 12. d5 Qf6 13. dxc6 Qxa1 14. Bg5 Bf5
15. Be7 Rfe8 16. Bxd6 Qxb1 17. Qxb1 Bxb1 18. Rxb1 cxd6 19. Bd5 bxc6 20. Bxc6
Rab8 21. Rd1 Re2 22. g3 Rxa2 23. Bd5 Re2 24. Ng5 Re7 25. Bc6 Bb4 26. Ne4 h6 27.
Nd2 Kf8 28. Kf1 Rc8 29. Ba4 a5 30. Nb3 Rc2 31. Nxa5 Ra2 32. Nc6 Rxa4 33. Nxe7
Kxe7 34. Ke2 Ra2+ 35. Kf3 Bc5 36. Re1+ Kf6 37. Re2 Rxe2 38. Kxe2 Ke5 39. f4+
Ke4 40. h3 d5 0-1

[Event "Ä13Â"]
[Site "Loo"]
[Date "2017.04.25"]
[Round "6.18"]
[White "Êàñàåâà, Ñîôèÿ."]
[Black "Èçáåêîâà, Åâäîêèÿ."]
[Result "1-0"]
[WhiteElo "1661"]
[BlackElo "1518"]
[PlyCount "47"]
[EventDate "2017.04.20"]

1. e4 c5 2. Nf3 d6 3. d4 cxd4 4. Nxd4 Nf6 5. Nc3 a6 6. Bg5 e6 7. f4 Be7 8. Qf3
Qc7 9. O-O-O Nbd7 10. g4 b5 11. Bxf6 Bxf6 12. Bxb5 axb5 13. Ndxb5 Qc6 14. Rxd6
Qb7 15. Rxe6+ Kd8 16. Nd6 Qb8 17. Nxf7+ Kc7 18. Nd5+ Kb7 19. Qb3+ Ka7 20. Qa4+
Kb7 21. Qb5+ Ka7 22. Qa5+ Kb7 23. Rb6+ Nxb6 24. Qxb6# 1-0

[Event "Ä13Â"]
[Site "Loo"]
[Date "2017.04.25"]
[Round "6.19"]
[White "Åðøîâà, Ìàðãàðèòà."]
[Black "Ïîðòíîâà, Êñåíèÿ."]
[Result "1/2-1/2"]
[WhiteElo "1593"]
[BlackElo "1510"]
[PlyCount "116"]
[EventDate "2017.04.20"]

1. d4 Nf6 2. Nc3 d5 3. Bf4 c5 4. e3 cxd4 5. exd4 a6 6. Nf3 Nc6 7. Be2 Bg4 8.
Ne5 Bxe2 9. Nxe2 e6 10. c3 Bd6 11. Bg3 O-O 12. O-O Qc7 13. Nf3 Rfe8 14. Re1 e5
15. dxe5 Nxe5 16. Nxe5 Bxe5 17. Nd4 Bxg3 18. hxg3 Ne4 19. Re2 Re5 20. Nf3 Rf5
21. g4 Rf4 22. Qxd5 Nf6 23. Rae1 h6 24. Qb3 Nxg4 25. Re7 Qc5 26. Qc2 g6 27.
Rxb7 Qh5 28. Rbe7 Nf6 29. R7e5 Qg4 30. Nh2 Qd7 31. Re7 Qc6 32. Qd2 Rh4 33. Qd3
Nd5 34. Nf3 Rg4 35. Ne5 Rxg2+ 36. Kxg2 Ne3+ 37. Kg3 Qg2+ 38. Kf4 Nd5+ 39. Qxd5
g5+ 40. Kf5 Qxd5 41. Rxf7 Rf8 42. Rxf8+ Kxf8 43. a3 Kg7 44. Re2 Qd1 45. Re4 Qc2
46. f3 Qxb2 47. Nc6 Qb5+ 48. Ne5 Qc5 49. Rc4 Qf8+ 50. Ke6 Qe8+ 51. Kf5 Qd8 52.
Rd4 Qf6+ 53. Ke4 Qf4+ 54. Kd5 Qf6 55. Ke4 Qf4+ 56. Kd5 Qf6 57. Ke4 Qf4+ 58. Kd5
Qe3 1/2-1/2

[Event "Ä13Â"]
[Site "Loo"]
[Date "2017.04.25"]
[Round "6.20"]
[White "Êîñòèíà, Àëåêñàíäðà."]
[Black "Ãðàíêèíà, Àëèñà."]
[Result "0-1"]
[WhiteElo "1442"]
[BlackElo "1585"]
[PlyCount "146"]
[EventDate "2017.04.20"]

1. e4 e5 2. Nf3 Nc6 3. Bb5 a6 4. Ba4 Nf6 5. O-O b5 6. Bb3 Bb7 7. Re1 Bc5 8. c3
d6 9. d4 Bb6 10. Bc2 h6 11. h3 O-O 12. Be3 Nd7 13. Nbd2 Ne7 14. dxe5 Bxe3 15.
exd6 Bxf2+ 16. Kxf2 cxd6 17. Nb3 Qb6+ 18. Qd4 d5 19. exd5 Nxd5 20. Qxb6 N7xb6
21. Be4 Rac8 22. Rad1 Ba8 23. g3 Rfe8 24. Nfd4 Nxc3 25. bxc3 Rxe4 26. Rxe4 Bxe4
27. Re1 Bd5 28. Re7 Rxc3 29. Ra7 Bxb3 30. Rxa6 Bxa2 31. Rxa2 b4 32. Rb2 Nd5 33.
Nc2 Rc4 34. Ke2 Kf8 35. Kd3 Rc3+ 36. Kd4 Nc7 37. Ne3 Ne6+ 38. Ke4 Nc5+ 39. Kd4
Rd3+ 40. Kxc5 Rxe3 41. Rxb4 Rxg3 42. Kd6 g6 43. h4 h5 44. Rb2 Rg4 45. Rh2 Re4
46. Kd5 f5 47. Rh3 Kf7 48. Rh2 Kf6 49. Rh3 Re5+ 50. Kd4 f4 51. Rh1 Kf5 52. Rg1
Re3 53. Rh1 Kg4 54. Rg1+ Rg3 55. Rh1 Rg2 56. Ke4 f3 57. Ke3 f2 58. Rf1 Kg3 59.
Ke2 Rg1 60. Rxf2 Rg2 61. Rxg2+ Kxg2 62. Ke3 Kg3 63. Ke2 Kxh4 64. Kf2 Kg4 65.
Kg2 Kf4 66. Kf2 g5 67. Kg2 g4 68. Kf2 g3+ 69. Kg2 h4 70. Kf1 Kf3 71. Kg1 g2 72.
Kh2 Kf2 73. Kh3 g1=Q 0-1

[Event "Ä13Â"]
[Site "Loo"]
[Date "2017.04.25"]
[Round "6.21"]
[White "Ôåäîðè÷åâà, Åêàòåðèíà."]
[Black "Íèêóëèíà, Àíàñòàñèÿ."]
[Result "1-0"]
[WhiteElo "1482"]
[BlackElo "1562"]
[PlyCount "43"]
[EventDate "2017.04.20"]

1. e4 c5 2. Nc3 Nc6 3. f4 d6 4. Nf3 Nf6 5. Bc4 g6 6. d3 Bg7 7. O-O O-O 8. f5
Kh8 9. fxg6 fxg6 10. Qe1 Na5 11. Qh4 Nxc4 12. dxc4 Ng4 13. h3 Ne5 14. Bg5 Nxf3+
15. Rxf3 Rxf3 16. gxf3 Qb6 17. Nd5 Qxb2 18. Rf1 Qxc2 19. Nxe7 Bd4+ 20. Kh1 Qxc4
21. Bf6+ Bxf6 22. Qxf6# 1-0

[Event "Ä13Â"]
[Site "Loo"]
[Date "2017.04.25"]
[Round "6.22"]
[White "Êðàìàðåíêî, Åëåíà."]
[Black "Òîêìàêîâà, Óëüÿíà."]
[Result "0-1"]
[WhiteElo "1527"]
[BlackElo "1315"]
[PlyCount "78"]
[EventDate "2017.04.20"]

1. e4 c5 2. Nf3 d6 3. d4 cxd4 4. Nxd4 Nf6 5. Nc3 a6 6. Bg5 e6 7. Be2 Nbd7 8.
Qd2 b5 9. f4 Qc7 10. a3 Bb7 11. Bf3 Be7 12. O-O-O Nb6 13. Rhe1 Nc4 14. Qd3 h6
15. Bxf6 Bxf6 16. Be2 Rc8 17. Nb1 Bxd4 18. Qxd4 Ne3 19. Nc3 Nxd1 20. Rxd1 e5
21. Qb4 O-O 22. Rd3 exf4 23. Qd4 Rfe8 24. Kb1 Bxe4 25. Nxe4 Qxc2+ 26. Ka2 Qxe2
27. Nxd6 Rcd8 28. Rd2 Qe6+ 29. Ka1 Qe3 30. Qd5 Re6 31. Rd3 Rdxd6 32. Qa8+ Re8
33. Qxe8+ Qxe8 34. Rxd6 Qe1+ 35. Ka2 Qf2 36. Rxa6 Qxg2 37. Rb6 f3 38. Rxb5 f2
39. Rf5 f1=Q 0-1

[Event "Ä13Â"]
[Site "Loo"]
[Date "2017.04.25"]
[Round "6.23"]
[White "Þñóïîâà, Ýëèíà."]
[Black "Êóäðÿâöåâà, Àíàñòàñèÿ."]
[Result "1/2-1/2"]
[WhiteElo "1481"]
[BlackElo "1413"]
[PlyCount "70"]
[EventDate "2017.04.20"]

1. e4 d6 2. d4 Nf6 3. Nc3 g6 4. f4 Bg7 5. Nf3 O-O 6. Bd3 Na6 7. O-O c5 8. e5
Nd7 9. exd6 exd6 10. Ne4 Nf6 11. c3 Rb8 12. dxc5 dxc5 13. Re1 Bf5 14. Nxf6+
Qxf6 15. Qc2 Bxd3 16. Qxd3 Rfd8 17. Qc2 b5 18. Ne5 Rb6 19. Be3 Rbd6 20. Qb3 Rb8
21. Rad1 Rxd1 22. Rxd1 Rb7 23. Qd5 Qe7 24. Qd8+ Bf8 25. Qd5 Bg7 26. Qd8+ Bf8
27. Qd5 Bg7 28. Qc6 Rb6 29. Qc8+ Bf8 30. Qd7 Rb7 31. Qd5 Bg7 32. Qd8+ Bf8 33.
Qd5 Bg7 34. Qd8+ Bf8 35. Qd5 Bg7 1/2-1/2

[Event "Ä13Â"]
[Site "Loo"]
[Date "2017.04.25"]
[Round "6.24"]
[White "Êàðïîâà, Ëàðèñà."]
[Black "Ãðèãîðÿí, Ñîíà."]
[Result "1-0"]
[WhiteElo "1608"]
[BlackElo "1527"]
[PlyCount "99"]
[EventDate "2017.04.20"]

1. d4 d5 2. Nf3 Nf6 3. a3 e6 4. b3 c5 5. e3 Nc6 6. Bb2 a6 7. c4 cxd4 8. exd4 b6
9. Bd3 Bb7 10. O-O Bd6 11. Nbd2 O-O 12. Ne5 dxc4 13. Ndxc4 b5 14. Nxd6 Qxd6 15.
f4 Nxe5 16. fxe5 Qd5 17. Qe2 Ne4 18. Bxe4 Qxe4 19. Qxe4 Bxe4 20. Rac1 Rac8 21.
Rc5 Rc6 22. Kf2 Rfc8 23. Rfc1 Kf8 24. g4 g5 25. Kg3 h6 26. b4 Ke7 27. Re1 Bd3
28. h4 Rxc5 29. bxc5 Rg8 30. hxg5 Rxg5 31. Bc1 Rg6 32. Kh4 Bc4 33. Bd2 Bd5 34.
Rf1 Bc4 35. Rf2 Bd5 36. Kh5 Rg8 37. Bxh6 Rg6 38. Bg5+ Ke8 39. Bf6 Bc6 40. g5
Bd5 41. Kg4 Be4 42. Rh2 Kd7 43. Rh8 Kc6 44. Rd8 Kc7 45. Rd6 Bb7 46. Bd8+ Kc8
47. Ba5 Rg8 48. c6 Ba8 49. c7 Kb7 50. Rd8 1-0

[Event "Ä13Â"]
[Site "Loo"]
[Date "2017.04.25"]
[Round "6.25"]
[White "Ñòàêèíà, Ìåëèññà."]
[Black "Ñóðîâöåâà, Àëèñà."]
[Result "1/2-1/2"]
[WhiteElo "1429"]
[BlackElo "1601"]
[PlyCount "79"]
[EventDate "2017.04.20"]

1. d4 d5 2. Bf4 c5 3. dxc5 f6 4. Bg3 e5 5. b4 Nc6 6. c3 a5 7. b5 Na7 8. e3 Be6
9. c6 bxc6 10. bxc6 Ne7 11. Nf3 Nexc6 12. Be2 Bd6 13. O-O O-O 14. Nbd2 Qd7 15.
c4 Ne7 16. cxd5 Bxd5 17. Bc4 Bc7 18. Qe2 Qe6 19. Rac1 Bd6 20. Rfd1 Ba3 21. Rc2
Rac8 22. Qd3 Bb4 23. e4 Bxc4 24. Rxc4 Rfd8 25. Rxc8 Qxc8 26. Qb3+ Kh8 27. Nf1
Nb5 28. Rxd8+ Qxd8 29. Ne3 Nd4 30. Qc4 Nxf3+ 31. gxf3 h6 32. f4 Ng6 33. fxe5
Nxe5 34. Bxe5 fxe5 35. Qe6 Qg5+ 36. Qg4 Qxg4+ 37. Nxg4 Bc3 38. Kf1 Kg8 39. Ke2
Kf7 40. Kd3 1/2-1/2

[Event "Ä13Â"]
[Site "Loo"]
[Date "2017.04.25"]
[Round "6.27"]
[White "Êîìëåâà, Àííà."]
[Black "Ëåñíûõ, Æàííà."]
[Result "1-0"]
[WhiteElo "1472"]
[BlackElo "1513"]
[PlyCount "79"]
[EventDate "2017.04.20"]

1. e4 c5 2. Nf3 e6 3. d4 cxd4 4. Nxd4 a6 5. c4 Qc7 6. Nc3 Nf6 7. a3 d6 8. Be3
Be7 9. Be2 O-O 10. O-O Nc6 11. Qc2 Bd7 12. Rad1 Ne5 13. Qb3 Rac8 14. Rc1 Qb8
15. f3 Nc6 16. Rfd1 Rfe8 17. Rd2 Na5 18. Qa2 Nc6 19. Rcd1 Qc7 20. Nxc6 Bxc6 21.
b4 Bf8 22. a4 d5 23. cxd5 exd5 24. b5 dxe4 25. bxc6 exf3 26. Bxf3 Rxe3 27. cxb7
Qb6 28. Kh1 Rce8 29. Ne2 Ne4 30. Bxe4 R3xe4 31. Rb2 Qc7 32. Qb1 Qb8 33. Nd4 Qe5
34. h3 Bd6 35. Nf3 Qe7 36. Rxd6 Qxd6 37. b8=Q Qd7 38. Qxe4 Rxb8 39. Rxb8+ Qe8
40. Qxe8# 1-0

[Event "Ä13Â"]
[Site "Loo"]
[Date "2017.04.25"]
[Round "6.28"]
[White "Áàêóëîâà, Òàòüÿíà."]
[Black "Äîðîõèíà, Åëèçàâåòà."]
[Result "0-1"]
[WhiteElo "1395"]
[BlackElo "1452"]
[PlyCount "92"]
[EventDate "2017.04.20"]

1. d4 Nf6 2. c4 g6 3. Nc3 Bg7 4. Nf3 O-O 5. e4 d6 6. h3 Nbd7 7. Be3 c5 8. d5 a6
9. a3 Qa5 10. Bd2 Qc7 11. Bf4 Rb8 12. Bd3 Nh5 13. Bd2 Ne5 14. Nxe5 Bxe5 15. Qc2
Bg7 16. O-O Bd7 17. Rab1 b5 18. b3 Nf6 19. Ne2 Ra8 20. Ng3 Rfb8 21. b4 bxc4 22.
Bxc4 cxb4 23. Rxb4 Rxb4 24. axb4 Bb5 25. Rc1 Rc8 26. Bb3 Qxc2 27. Rxc2 Rxc2 28.
Bxc2 Kf8 29. Bd1 Ke8 30. Be2 Bxe2 31. Nxe2 Nxe4 32. Be1 Kd7 33. f3 Nf6 34. Nc3
Ne8 35. Kf2 Bxc3 36. Bxc3 Nc7 37. Ke2 Nxd5 38. Bd2 Kc6 39. Kd3 Kb5 40. g3 Nxb4+
41. Kc3 Nc6 42. f4 e5 43. fxe5 dxe5 44. Kd3 f5 45. Ke3 Kc4 46. Be1 a5 0-1

[Event "Ä13Â"]
[Site "Loo"]
[Date "2017.04.25"]
[Round "6.29"]
[White "Àáðàìîâà, Òàòüÿíà."]
[Black "Ëîñåâà, Ìàðãàðèòà."]
[Result "0-1"]
[WhiteElo "1508"]
[BlackElo "1439"]
[PlyCount "120"]
[EventDate "2017.04.20"]

1. e4 e5 2. Nc3 Nc6 3. Bc4 g6 4. d3 Bg7 5. f4 d6 6. Nf3 Nge7 7. O-O O-O 8. a3
a5 9. Qe1 Bg4 10. Qh4 Bxf3 11. Rxf3 Nc8 12. Qg4 Nb6 13. Ba2 Nd4 14. Rf2 exf4
15. Bxf4 Nc6 16. Re1 Bd4 17. Be3 Bxe3 18. Rxe3 Ne5 19. Qf4 Kg7 20. Rg3 c5 21.
Nd5 Nxd5 22. Bxd5 Qe7 23. Rh3 h5 24. Rg3 Ra7 25. h3 h4 26. Re3 g5 27. Qf5 f6
28. g3 Rh8 29. gxh4 Rxh4 30. Rg3 b5 31. Rf4 Rxf4 32. Qxf4 Kh6 33. Qe3 b4 34. a4
Rc7 35. b3 Ng6 36. Qf2 Qe5 37. Rf3 Nf4 38. Kh1 Qa1+ 39. Kh2 Qe5 40. Kg1 Qd4 41.
Bc4 Qxf2+ 42. Kxf2 Kg6 43. h4 Rh7 44. hxg5 fxg5 45. Ke3 Rh2 46. Rf2 Rxf2 47.
Kxf2 Kf6 48. Kg3 Ne2+ 49. Kf2 Nd4 50. Bb5 Nxc2 51. Bc4 Ke5 52. Kg3 Kd4 53. Kg4
Ne3+ 54. Kxg5 Nxc4 55. dxc4 Kxe4 56. Kf6 d5 57. cxd5 Kxd5 58. Kf5 c4 59. bxc4+
Kxc4 60. Ke4 b3 0-1

[Event "Ä15Ï"]
[Site "Loo"]
[Date "2017.04.25"]
[Round "6.1"]
[White "Ãðóíèíà, Ìàðãàðèòà."]
[Black "Øóáèíà, Åêàòåðèíà."]
[Result "0-1"]
[WhiteElo "1678"]
[BlackElo "1692"]
[PlyCount "128"]
[EventDate "2017.04.20"]

1. e4 c5 2. Nf3 Nc6 3. d4 cxd4 4. Nxd4 e5 5. Nb5 d6 6. N1c3 a6 7. Na3 Be7 8. g3
Be6 9. Bg2 Nf6 10. Bg5 Qb6 11. Nd5 Bxd5 12. exd5 Nd4 13. Bxf6 Bxf6 14. Rb1 O-O
15. O-O Be7 16. c3 Nb5 17. Nc4 Qc5 18. Ne3 f5 19. Bh3 g6 20. Qe2 f4 21. gxf4
Rxf4 22. Ng2 Rf6 23. Be6+ Kg7 24. a4 Nc7 25. b4 Qa7 26. Qc4 Nxe6 27. dxe6 Raf8
28. Rb2 b5 29. axb5 axb5 30. Qxb5 Rxe6 31. Qc4 Ref6 32. b5 d5 33. Qxd5 Bc5 34.
Qxe5 Kg8 35. Qd5+ R8f7 36. Qd2 Rxf2 37. Qd8+ Kg7 38. Rfxf2 Rxf2 39. Ne3 Bxe3
40. Rxf2 Bxf2+ 41. Kg2 Bb6 42. Qd5 Qc7 43. c4 Qe7 44. Qf3 Qg5+ 45. Qg3 Qd2+ 46.
Kh3 Qd4 47. Qb3 g5 48. Qg3 Qe3 49. Qxe3 Bxe3 50. Kg4 Kg6 51. Kf3 Bg1 52. h3 Kf5
53. Kg2 Bc5 54. Kg3 h5 55. Kf3 g4+ 56. Kg3 Bd6+ 57. Kg2 Kf4 58. b6 g3 59. b7
Bc7 60. c5 Bb8 61. c6 Bc7 62. Kg1 Kf3 63. h4 Bb6+ 64. Kf1 g2+ 0-1